The four gospels in arabic (Registro nro. 304298)

Detalles MARC
000 -ENCABEZADO
Número de control [NR] 01114nam a2200241 4500
005 - FECHA Y HORA DE LA ÚLTIMA TRANSACCIÓN
control field 20160822160511.0
008 - DE LONGITUD FIJA DE DATOS DE ELEMENTOS - INFORMACIÓN GENERAL
Elementos de longitud fija [NR] 160822s1879 xxu ||||r|||| 00| 0 ara d
040 ## - FUENTE DE CATALOGACION [NR]
Agencia de catalogación original [NR] CO-BoUCM
Idioma de catalogación [NR] spa
Quien Cataloga Sandra Yazo
Quien Clasifica Sandra Yazo
082 04 - NUMERO DE CLASIFICACION DECIMAL DEWEY [R]
Número de la edición [NR] 20
Número de clasificación [R] 226
092 ## - SIGNATURA TOPOGRAFICA LOCAL
Número de clasificación local E40N137
110 2# - ASIENTO PRINCIPAL--NOMBRE CORPORATIVO [NR]
Nombre corporativo o de jurisdicción como elemento de entrada [NR] American missionaries
ID de autoridad 79026
242 00 - TRADUCCION DEL TITULO POR LA AGENCIA CATALOGADORA [R]
Título [NR] Los cuatro evangelios en arabe
Parte restante del título [NR] traducidos desde el griego
Mención de responsabilidad, etc. [NR] por los Misioneros americanos
Código de idioma del título traducido [NR] spa
245 10 - MENCION DE TITULO [NR]
Título [NR] The four gospels in arabic
Parte restante del título [NR] translated from the greek
Mención de responsabilidad, etc. [NR] by American missionaries
260 ## - PUBLICACION, DISTRIBUCION, ETC. (PIE DE IMPRENTA) [R]
Lugar de publicación, distribución, etc. [R] New York [Nueva York] (Estado Unidos)
Nombre del editor, distribuidor, etc. [R] American Bible Society
Fecha de publicación, distribución, etc. [R] 1879
300 ## - DESCRIPCION FISICA [R]
Extensión [R] [175] páginas
Dimensiones [R] 25 x 18 cm
500 ## - NOTA GENERAL [R]
Nota general [NR] Detalles físicos: Encuadernación rígida en cartón forrada en tela texturizada. Tapas con recuadros repujados. Guardas. Portada impresa en una sola tinta, en inglés, texto en árabe, párrafos numerados y enmarcados. Ejemplar en buen estado de conservación
506 ## - NOTA DE RESTRICCIONES DE ACCESO [R]
Condiciones de acceso [NR] Consulta en sala
546 ## - NOTA DE IDIOMA [R]
Nota de idioma [NR] Texto en arabe
630 ## - ASIENTO SECUNDARIO DE MATERIA - TITULO UNIFORME [R]
Título uniforme [NR] Biblia
9 (RLIN) 4831
650 #7 - ASIENTO SECUNDARIO DE MATERIA - TERMINO TEMATICO [R]
9 (RLIN) 15347
Término temático o nombre geográfico como elemento de entrada [NR] Evangelios
690 ## - ASUNTO AGREGADO LOCAL DE ENTRADA - TÉRMINO TEMÁTICO (OCLC, RLIN)
Acceso temático local Teología
9 (RLIN) 25230
942 ## - ELEMENTOS DE ENTRADA AGREGADOS (KOHA)
Sistema de clasificación LOCAL
Tipo de ítem principal el descrito en 300a Libro
Edición 1
Clasificación E40N137
Existencias
Suprimido Perdido Sistema de clasificación Dañado No prestable Tipo de ítem específico Ubicación habitual Ubicación actual Localización Fecha de creación Forma de adquisición Costo Total préstamos Signatura topográfica Código de barras Última vez visto Ejemplar Price effective from Tipo de ítem
    LOCAL     Libro archivo Archivo Histórico Archivo Histórico Archivo histórico 22/08/2016 Donación 0.00   E40N137 L005834 22/08/2016 Ej.1 22/08/2016 Libro